[Event "European Individual Chess Championship 2017"]
[Site "?"]
[Date "2017.05.31"]
[Round "2.87"]
[White "Smirin, Ilia"]
[Black "Moroni, Luca Jr"]
[Result "0-1"]
[BlackElo "2448"]
[WhiteElo "2676"]
[LiveChessVersion "1.4.8"]

1. e4 {[%clk 1:30:45]} e5 {[%clk 1:30:43]} 2. Nf3 {[%clk 1:31:05]} Nc6
{[%clk 1:31:09]} 3. Bb5 {[%clk 1:30:58]} a6 {[%clk 1:31:29]} 4. Ba4
{[%clk 1:31:22]} Nf6 {[%clk 1:31:54]} 5. O-O {[%clk 1:31:30]} b5 {[%clk 1:32:19]}
6. Bb3 {[%clk 1:31:54]} Bc5 {[%clk 1:32:46]} 7. c3 {[%clk 1:31:15]} d6
{[%clk 1:33:10]} 8. d4 {[%clk 1:27:35]} Bb6 {[%clk 1:33:33]} 9. h3
{[%clk 1:23:38]} O-O {[%clk 1:30:49]} 10. Be3 {[%clk 1:23:10]} h6
{[%clk 1:30:35]} 11. Nbd2 {[%clk 1:20:40]} Re8 {[%clk 1:29:58]} 12. a4
{[%clk 1:18:04]} Rb8 {[%clk 1:15:35]} 13. axb5 {[%clk 1:12:33]} axb5
{[%clk 1:15:31]} 14. Qc2 {[%clk 1:10:53]} exd4 {[%clk 1:05:39]} 15. cxd4
{[%clk 1:09:41]} Bb7 {[%clk 1:04:01]} 16. Rfe1 {[%clk 0:58:00]} Nb4
{[%clk 0:59:27]} 17. Qc3 {[%clk 0:53:59]} c5 {[%clk 0:58:50]} 18. dxc5
{[%clk 0:45:45]} dxc5 {[%clk 0:58:39]} 19. Ne5 {[%clk 0:39:56]} Rxe5
{[%clk 0:52:40]} 20. Qxe5 {[%clk 0:40:22]} Nd3 {[%clk 0:53:03]} 21. Qg3
{[%clk 0:29:59]} Bc7 {[%clk 0:48:04]} 22. Qh4 {[%clk 0:29:04]} Nxe1
{[%clk 0:42:54]} 23. Rxe1 {[%clk 0:29:26]} Qd6 {[%clk 0:41:25]} 24. g3
{[%clk 0:16:09]} Re8 {[%clk 0:38:43]} 25. Bc2 {[%clk 0:15:12]} c4
{[%clk 0:32:52]} 26. Ra1 {[%clk 0:12:57]} Bb6 {[%clk 0:28:32]} 27. Qf4
{[%clk 0:11:48]} Qxf4 {[%clk 0:26:09]} 28. gxf4 {[%clk 0:12:14]} Bxe3
{[%clk 0:26:11]} 29. fxe3 {[%clk 0:12:40]} Rd8 {[%clk 0:26:29]} 30. Nf3
{[%clk 0:13:04]} Nxe4 {[%clk 0:21:58]} 31. Nd4 {[%clk 0:12:27]} Nd6
{[%clk 0:21:10]} 32. Rd1 {[%clk 0:08:02]} Re8 {[%clk 0:19:15]} 33. Kf2
{[%clk 0:07:47]} g6 {[%clk 0:17:11]} 34. Nf3 {[%clk 0:06:59]} Ne4+
{[%clk 0:16:14]} 35. Bxe4 {[%clk 0:07:15]} Bxe4 {[%clk 0:16:42]} 36. Ra1
{[%clk 0:05:10]} b4 {[%clk 0:15:11]} 37. Ne5 {[%clk 0:01:26]} c3 {[%clk 0:14:10]}
38. bxc3 {[%clk 0:01:49]} Rxe5 {[%clk 0:13:59]} 39. fxe5 {[%clk 0:02:07]} b3
{[%clk 0:14:27]} 40. e6 {[%clk 0:31:44]} fxe6 {[%clk 0:44:46]} 0-1

[Event "European Individual Chess Championship 2017"]
[Site "?"]
[Date "2017.05.31"]
[Round "2.88"]
[White "Mindlin, Alon"]
[Black "Safarli, Eltaj"]
[Result "1/2-1/2"]
[BlackElo "2668"]
[WhiteElo "2436"]
[LiveChessVersion "1.4.8"]

1. d4 {[%clk 1:30:57]} Nf6 {[%clk 1:28:52]} 2. c4 {[%clk 1:31:16]} e6
{[%clk 1:29:07]} 3. Nc3 {[%clk 1:31:39]} Bb4 {[%clk 1:29:34]} 4. e3
{[%clk 1:32:03]} O-O {[%clk 1:29:47]} 5. Bd3 {[%clk 1:32:21]} d5 {[%clk 1:30:01]}
6. Nf3 {[%clk 1:32:44]} b6 {[%clk 1:30:22]} 7. O-O {[%clk 1:33:02]} Ba6
{[%clk 1:30:50]} 8. Qe2 {[%clk 1:30:00]} c5 {[%clk 1:30:24]} 9. Rd1
{[%clk 1:21:46]} cxd4 {[%clk 1:26:33]} 10. exd4 {[%clk 1:21:12]} dxc4
{[%clk 1:20:59]} 11. Bxc4 {[%clk 1:18:44]} Bxc4 {[%clk 1:20:53]} 12. Qxc4
{[%clk 1:19:11]} Bxc3 {[%clk 1:21:16]} 13. Qxc3 {[%clk 1:05:19]} Nd5
{[%clk 1:17:47]} 14. Qa3 {[%clk 1:03:09]} f6 {[%clk 1:14:58]} 15. Bd2
{[%clk 0:55:48]} Nc6 {[%clk 1:13:34]} 16. Re1 {[%clk 0:53:54]} Qd7
{[%clk 1:12:46]} 17. Re4 {[%clk 0:52:38]} Rfc8 {[%clk 1:04:44]} 18. Rae1
{[%clk 0:37:50]} Nd8 {[%clk 1:04:55]} 19. Rg4 {[%clk 0:37:48]} Nf7
{[%clk 1:02:41]} 20. h4 {[%clk 0:36:04]} h5 {[%clk 0:56:56]} 21. Rge4
{[%clk 0:32:43]} Re8 {[%clk 0:57:17]} 22. R4e2 {[%clk 0:25:50]} Nd6
{[%clk 0:56:12]} 23. Qd3 {[%clk 0:23:41]} Rac8 {[%clk 0:52:45]} 24. Nh2
{[%clk 0:22:20]} Nf5 {[%clk 0:50:08]} 25. Re4 {[%clk 0:18:41]} Qf7
{[%clk 0:48:30]} 26. Nf1 {[%clk 0:15:45]} Rc6 {[%clk 0:46:00]} 27. b4
{[%clk 0:15:31]} Nd6 {[%clk 0:34:56]} 28. b5 {[%clk 0:15:39]} Rc7
{[%clk 0:24:48]} 29. R4e2 {[%clk 0:15:58]} Nf5 {[%clk 0:24:30]} 30. Re4
{[%clk 0:15:20]} Rce7 {[%clk 0:24:18]} 31. Bc1 {[%clk 0:12:59]} Qg6
{[%clk 0:23:06]} 32. Qh3 {[%clk 0:09:48]} Kf7 {[%clk 0:17:29]} 33. Qb3
{[%clk 0:10:15]} Nd6 {[%clk 0:15:13]} 34. R4e2 {[%clk 0:10:37]} Rc7
{[%clk 0:14:58]} 35. Ng3 {[%clk 0:04:16]} Qg4 {[%clk 0:10:53]} 36. Ba3
{[%clk 0:02:44]} Rc3 {[%clk 0:04:50]} 37. Qa4 {[%clk 0:03:09]} Rxg3
{[%clk 0:04:03]} 38. fxg3 {[%clk 0:03:08]} Nc3 {[%clk 0:04:31]} 39. Qxa7+
{[%clk 0:03:22]} Re7 {[%clk 0:04:36]} 40. Qb8 {[%clk 0:31:29]} Nxe2+
{[%clk 0:33:12]} 41. Rxe2 {[%clk 0:31:56]} Rb7 {[%clk 0:20:02]} 42. Qa8
{[%clk 0:27:40]} Rc7 {[%clk 0:12:52]} 43. Qd8 {[%clk 0:11:25]} Ra7
{[%clk 0:11:08]} 44. Rf2 {[%clk 0:10:05]} Nf5 {[%clk 0:05:35]} 45. d5
{[%clk 0:08:36]} e5 {[%clk 0:04:03]} 46. d6 {[%clk 0:07:13]} Qd1+
{[%clk 0:03:45]} 47. Rf1 {[%clk 0:06:55]} Qd4+ {[%clk 0:04:13]} 48. Kh2
{[%clk 0:05:57]} Ne3 {[%clk 0:02:50]} 49. Rc1 {[%clk 0:06:20]} Qd2
{[%clk 0:00:49]} 50. Rg1 {[%clk 0:06:17]} Ng4+ {[%clk 0:01:09]} 51. Kh1
{[%clk 0:06:04]} Nf2+ {[%clk 0:01:37]} 52. Kh2 {[%clk 0:06:30]} Ng4+
{[%clk 0:02:06]} 53. Kh1 {[%clk 0:06:57]} Qd3 {[%clk 0:01:13]} 54. Qh8
{[%clk 0:05:44]} Rxa3 {[%clk 0:00:47]} 55. Rc1 {[%clk 0:06:09]} Kg6
{[%clk 0:00:33]} 56. Qe8+ {[%clk 0:06:22]} Kh6 {[%clk 0:00:31]} 57. Qh8+
{[%clk 0:06:49]} Kg6 {[%clk 0:00:51]} 58. Qe8+ {[%clk 0:07:15]} Kh6
{[%clk 0:00:37]} 59. d7 {[%clk 0:07:32]} Nf2+ {[%clk 0:00:33]} 60. Kg1
{[%clk 0:07:55]} Nh3+ {[%clk 0:00:56]} 61. Kh1 {[%clk 0:08:18]} Nf2+
{[%clk 0:01:13]} 62. Kg1 {[%clk 0:08:45]} Nh3+ {[%clk 0:00:45]} 63. Kh1
{[%clk 0:09:12]} Nf2+ {[%clk 0:00:39]} 64. Kg1 {[%clk 0:09:39]} 1/2-1/2

[Event "European Individual Chess Championship 2017"]
[Site "?"]
[Date "2017.05.31"]
[Round "2.89"]
[White "Berkes, Ferenc"]
[Black "Froewis, Georg"]
[Result "1-0"]
[BlackElo "2432"]
[WhiteElo "2654"]
[LiveChessVersion "1.4.8"]

1. d4 {[%clk 1:30:50]} d5 {[%clk 1:30:51]} 2. c4 {[%clk 1:31:14]} e6
{[%clk 1:31:14]} 3. Nf3 {[%clk 1:31:40]} Nf6 {[%clk 1:31:39]} 4. Nc3
{[%clk 1:32:03]} c6 {[%clk 1:32:05]} 5. Qb3 {[%clk 1:32:24]} dxc4
{[%clk 1:30:50]} 6. Qxc4 {[%clk 1:32:47]} b5 {[%clk 1:30:23]} 7. Qd3
{[%clk 1:33:10]} a6 {[%clk 1:27:03]} 8. g4 {[%clk 1:33:27]} c5 {[%clk 1:18:36]}
9. g5 {[%clk 1:32:19]} c4 {[%clk 1:15:30]} 10. Qb1 {[%clk 1:30:58]} Nd5
{[%clk 1:14:40]} 11. e4 {[%clk 1:31:08]} Nb6 {[%clk 1:10:27]} 12. Be3
{[%clk 1:29:45]} Bb7 {[%clk 1:05:11]} 13. Bg2 {[%clk 1:29:29]} N8d7
{[%clk 1:04:45]} 14. a3 {[%clk 1:03:38]} b4 {[%clk 0:54:13]} 15. axb4
{[%clk 1:02:13]} Bxb4 {[%clk 0:54:36]} 16. Qc2 {[%clk 0:59:51]} O-O
{[%clk 0:51:28]} 17. O-O {[%clk 1:00:07]} Bxc3 {[%clk 0:45:34]} 18. bxc3
{[%clk 1:00:26]} f5 {[%clk 0:45:34]} 19. gxf6 {[%clk 1:00:23]} Nxf6
{[%clk 0:45:17]} 20. Ng5 {[%clk 0:46:45]} Ng4 {[%clk 0:32:22]} 21. Bc1
{[%clk 0:46:25]} Qc7 {[%clk 0:16:10]} 22. e5 {[%clk 0:37:24]} g6 {[%clk 0:14:47]}
23. f3 {[%clk 0:34:56]} 1-0

[Event "European Individual Chess Championship 2017"]
[Site "?"]
[Date "2017.05.31"]
[Round "2.90"]
[White "Sjugirov, Sanan"]
[Black "Matnadze, Ana"]
[Result "1-0"]
[BlackElo "2413"]
[WhiteElo "2654"]
[LiveChessVersion "1.4.8"]

1. e4 {[%clk 1:30:53]} c6 {[%clk 1:30:36]} 2. d4 {[%clk 1:31:00]} g6
{[%clk 1:30:59]} 3. Nf3 {[%clk 1:28:53]} Bg7 {[%clk 1:31:04]} 4. Bd3
{[%clk 1:26:40]} d5 {[%clk 1:29:07]} 5. Nbd2 {[%clk 1:24:05]} dxe4
{[%clk 1:27:06]} 6. Nxe4 {[%clk 1:23:53]} Nf6 {[%clk 1:26:03]} 7. Nxf6+
{[%clk 1:18:50]} exf6 {[%clk 1:26:06]} 8. O-O {[%clk 1:14:02]} O-O
{[%clk 1:23:47]} 9. h3 {[%clk 1:13:13]} a5 {[%clk 1:19:10]} 10. Bf4
{[%clk 1:07:34]} Na6 {[%clk 1:19:02]} 11. c3 {[%clk 1:06:32]} Be6
{[%clk 1:17:14]} 12. Re1 {[%clk 1:03:16]} b5 {[%clk 1:03:47]} 13. a4
{[%clk 0:59:44]} b4 {[%clk 0:54:52]} 14. c4 {[%clk 0:50:17]} Qd7 {[%clk 0:50:10]}
15. Qc2 {[%clk 0:46:02]} Rfd8 {[%clk 0:49:11]} 16. Rad1 {[%clk 0:44:50]} b3
{[%clk 0:42:01]} 17. Qxb3 {[%clk 0:39:05]} Nb4 {[%clk 0:41:52]} 18. Bb1
{[%clk 0:35:18]} Ra7 {[%clk 0:36:27]} 19. Qc3 {[%clk 0:35:02]} h5
{[%clk 0:26:00]} 20. Be3 {[%clk 0:32:28]} Rb7 {[%clk 0:24:17]} 21. Nd2
{[%clk 0:32:35]} Bxh3 {[%clk 0:13:25]} 22. gxh3 {[%clk 0:30:29]} Qxh3
{[%clk 0:13:50]} 23. Bf4 {[%clk 0:26:30]} Qg4+ {[%clk 0:14:00]} 24. Qg3
{[%clk 0:26:54]} Qxg3+ {[%clk 0:13:08]} 25. Bxg3 {[%clk 0:16:36]} Rxd4
{[%clk 0:09:49]} 26. Nb3 {[%clk 0:16:52]} Rg4 {[%clk 0:07:36]} 27. Kh2
{[%clk 0:12:09]} Na6 {[%clk 0:03:23]} 28. Bc2 {[%clk 0:02:12]} f5
{[%clk 0:01:03]} 29. Kh3 {[%clk 0:02:33]} Nb4 {[%clk 0:01:15]} 30. Rd8+
{[%clk 0:02:51]} Kh7 {[%clk 0:01:43]} 31. Bd1 {[%clk 0:03:09]} Na6
{[%clk 0:00:43]} 32. Nxa5 {[%clk 0:03:12]} Rxb2 {[%clk 0:00:45]} 33. Bxg4
{[%clk 0:03:30]} fxg4+ {[%clk 0:00:53]} 34. Kg2 {[%clk 0:03:56]} Nb4
{[%clk 0:00:36]} 35. Re7 {[%clk 0:03:44]} g5 {[%clk 0:00:31]} 36. Rxf7
{[%clk 0:04:00]} Nc2 {[%clk 0:00:40]} 37. Rxg7+ {[%clk 0:04:16]} Kh6
{[%clk 0:01:01]} 38. Re7 {[%clk 0:04:24]} 1-0

[Event "European Individual Chess Championship 2017"]
[Site "?"]
[Date "2017.05.31"]
[Round "2.91"]
[White "Schekachikhin, Maksim"]
[Black "Sargissian, Gabriel"]
[Result "0-1"]
[BlackElo "2650"]
[WhiteElo "2395"]
[LiveChessVersion "1.4.8"]

1. d4 {[%clk 1:30:58]} Nf6 {[%clk 1:28:14]} 2. c4 {[%clk 1:31:15]} e6
{[%clk 1:28:36]} 3. Nf3 {[%clk 1:31:36]} Bb4+ {[%clk 1:25:55]} 4. Nbd2
{[%clk 1:30:39]} d5 {[%clk 1:23:23]} 5. Qa4+ {[%clk 1:24:40]} Nc6
{[%clk 1:23:46]} 6. Ne5 {[%clk 1:21:38]} Bd7 {[%clk 1:21:49]} 7. Nxc6
{[%clk 1:17:14]} Bxd2+ {[%clk 1:22:05]} 8. Bxd2 {[%clk 1:17:40]} Bxc6
{[%clk 1:22:24]} 9. Qc2 {[%clk 1:17:54]} dxc4 {[%clk 1:12:13]} 10. Qxc4
{[%clk 1:14:47]} Ne4 {[%clk 1:11:43]} 11. Bf4 {[%clk 1:06:51]} Nxf2
{[%clk 1:06:21]} 12. Kxf2 {[%clk 1:05:34]} Qf6 {[%clk 1:06:39]} 13. Ke3
{[%clk 0:58:13]} O-O-O {[%clk 1:06:53]} 14. g3 {[%clk 0:48:14]} Qe7
{[%clk 1:03:25]} 15. Rg1 {[%clk 0:44:48]} g5 {[%clk 1:03:23]} 16. Be5
{[%clk 0:41:36]} f6 {[%clk 1:03:46]} 17. Bg2 {[%clk 0:39:16]} fxe5
{[%clk 0:59:34]} 18. Bxc6 {[%clk 0:39:41]} bxc6 {[%clk 0:53:19]} 19. Qa6+
{[%clk 0:33:23]} Kb8 {[%clk 0:51:46]} 20. Qxc6 {[%clk 0:30:03]} Qb4
{[%clk 0:50:47]} 21. Rgd1 {[%clk 0:27:07]} exd4+ {[%clk 0:48:18]} 22. Kd3
{[%clk 0:23:12]} Rd6 {[%clk 0:48:38]} 23. Qc4 {[%clk 0:21:42]} Qb7
{[%clk 0:48:22]} 24. Rac1 {[%clk 0:18:57]} e5 {[%clk 0:48:29]} 25. Rf1
{[%clk 0:16:37]} e4+ {[%clk 0:45:21]} 26. Kd2 {[%clk 0:17:05]} e3+
{[%clk 0:39:06]} 27. Ke1 {[%clk 0:14:49]} Rc8 {[%clk 0:33:21]} 28. Qd3
{[%clk 0:11:17]} Qb4+ {[%clk 0:32:46]} 29. Kd1 {[%clk 0:11:40]} Qa4+
{[%clk 0:26:58]} 30. Qb3+ {[%clk 0:09:24]} Qxb3+ {[%clk 0:27:18]} 31. axb3
{[%clk 0:09:52]} d3 {[%clk 0:27:31]} 32. Rc3 {[%clk 0:06:59]} Re8
{[%clk 0:26:57]} 33. Rf7 {[%clk 0:04:57]} d2 {[%clk 0:25:45]} 34. Rf3
{[%clk 0:03:52]} Rde6 {[%clk 0:26:06]} 35. g4 {[%clk 0:04:13]} Kb7
{[%clk 0:25:02]} 36. Rh3 {[%clk 0:03:41]} Re4 {[%clk 0:23:17]} 37. Rf3
{[%clk 0:01:52]} R8e6 {[%clk 0:19:27]} 38. h3 {[%clk 0:02:02]} Kb6
{[%clk 0:19:33]} 39. Rg3 {[%clk 0:01:38]} Kb5 {[%clk 0:19:24]} 40. Rf3
{[%clk 0:32:03]} c5 {[%clk 0:44:29]} 41. Rg3 {[%clk 0:25:36]} a5 {[%clk 0:41:17]}
42. Rf3 {[%clk 0:25:07]} h6 {[%clk 0:40:18]} 43. Rg3 {[%clk 0:20:50]} a4
{[%clk 0:36:44]} 44. bxa4+ {[%clk 0:20:17]} Kxa4 {[%clk 0:37:05]} 45. Rf3
{[%clk 0:14:58]} c4 {[%clk 0:34:44]} 46. Kc2 {[%clk 0:12:34]} Kb4
{[%clk 0:34:24]} 47. Ra3 {[%clk 0:07:41]} Kc5 {[%clk 0:29:49]} 48. Ra5+
{[%clk 0:04:24]} Kd4 {[%clk 0:29:54]} 49. Rf8 {[%clk 0:04:28]} R4e5
{[%clk 0:29:42]} 50. Ra4 {[%clk 0:03:49]} Rb6 {[%clk 0:28:05]} 51. Rc8
{[%clk 0:02:34]} Rc5 {[%clk 0:28:02]} 52. Rd8+ {[%clk 0:02:24]} Rd5
{[%clk 0:28:14]} 0-1

[Event "European Individual Chess Championship 2017"]
[Site "?"]
[Date "2017.05.31"]
[Round "2.92"]
[White "Koksal, Ege"]
[Black "Lysyj, Igor"]
[Result "0-1"]
[BlackElo "2643"]
[WhiteElo "2405"]
[LiveChessVersion "1.4.8"]

1. d4 {[%clk 1:30:57]} Nf6 {[%clk 1:30:54]} 2. Nf3 {[%clk 1:31:20]} d5
{[%clk 1:31:20]} 3. c4 {[%clk 1:31:45]} e6 {[%clk 1:31:44]} 4. g3
{[%clk 1:31:20]} Bb4+ {[%clk 1:32:04]} 5. Bd2 {[%clk 1:31:37]} Be7
{[%clk 1:32:29]} 6. Bg2 {[%clk 1:32:03]} Nbd7 {[%clk 1:32:48]} 7. Qc2
{[%clk 1:31:39]} c6 {[%clk 1:33:03]} 8. O-O {[%clk 1:32:03]} b6 {[%clk 1:33:23]}
9. cxd5 {[%clk 1:25:26]} cxd5 {[%clk 1:33:41]} 10. Bg5 {[%clk 1:25:38]} Bb7
{[%clk 1:32:27]} 11. Nbd2 {[%clk 1:25:53]} O-O {[%clk 1:24:12]} 12. Rfc1
{[%clk 1:26:16]} h6 {[%clk 1:20:22]} 13. Bxf6 {[%clk 1:26:36]} Nxf6
{[%clk 1:18:07]} 14. Qc7 {[%clk 1:19:21]} Rb8 {[%clk 1:13:09]} 15. e3
{[%clk 1:15:31]} Qxc7 {[%clk 1:08:45]} 16. Rxc7 {[%clk 1:15:15]} Bd6
{[%clk 1:09:10]} 17. Rc2 {[%clk 1:15:38]} Rfc8 {[%clk 1:07:22]} 18. Rac1
{[%clk 1:16:02]} Rxc2 {[%clk 1:05:04]} 19. Rxc2 {[%clk 1:16:30]} Nd7
{[%clk 1:04:58]} 20. Bf1 {[%clk 1:16:15]} Kf8 {[%clk 0:59:45]} 21. Bb5
{[%clk 1:15:08]} Ke7 {[%clk 0:56:05]} 22. Kf1 {[%clk 1:15:36]} a6
{[%clk 0:42:42]} 23. Bd3 {[%clk 1:16:02]} g5 {[%clk 0:35:55]} 24. Ke2
{[%clk 1:15:59]} Rc8 {[%clk 0:27:10]} 25. Rxc8 {[%clk 1:15:56]} Bxc8
{[%clk 0:27:39]} 26. h4 {[%clk 1:14:08]} f6 {[%clk 0:26:20]} 27. Nb3
{[%clk 1:13:34]} Nb8 {[%clk 0:24:22]} 28. a3 {[%clk 1:12:28]} Nc6
{[%clk 0:24:08]} 29. Bc2 {[%clk 1:11:48]} g4 {[%clk 0:17:31]} 30. Ne1
{[%clk 1:10:17]} a5 {[%clk 0:17:29]} 31. Bd3 {[%clk 1:09:12]} Bd7
{[%clk 0:08:00]} 32. Nc2 {[%clk 1:06:47]} Na7 {[%clk 0:05:15]} 33. Nc1
{[%clk 1:06:40]} Nb5 {[%clk 0:03:13]} 34. Kd2 {[%clk 1:03:29]} Bc7
{[%clk 0:02:48]} 35. Ne2 {[%clk 1:03:35]} Nd6 {[%clk 0:03:13]} 36. Nc3
{[%clk 0:58:36]} b5 {[%clk 0:03:27]} 37. b3 {[%clk 0:57:45]} Bb6 {[%clk 0:01:41]}
38. a4 {[%clk 0:57:18]} b4 {[%clk 0:02:05]} 39. Ne2 {[%clk 0:56:38]} e5
{[%clk 0:02:17]} 40. Ne1 {[%clk 1:22:30]} Bc8 {[%clk 0:31:28]} 41. Bb1
{[%clk 1:21:17]} Nf7 {[%clk 0:25:46]} 42. Bh7 {[%clk 1:18:16]} Nd8
{[%clk 0:24:34]} 43. Nc2 {[%clk 1:16:54]} Kd6 {[%clk 0:24:23]} 44. Bd3
{[%clk 1:16:56]} Nc6 {[%clk 0:24:28]} 45. Bg6 {[%clk 1:16:37]} Be6
{[%clk 0:21:51]} 46. Bd3 {[%clk 1:15:31]} Ne7 {[%clk 0:22:01]} 47. Ne1
{[%clk 1:15:18]} Kc7 {[%clk 0:21:37]} 48. Nc2 {[%clk 1:15:33]} Nc8
{[%clk 0:21:47]} 49. Nc1 {[%clk 1:07:39]} Kd6 {[%clk 0:20:39]} 50. Ba6
{[%clk 1:06:03]} Ne7 {[%clk 0:21:04]} 51. Bd3 {[%clk 1:06:01]} Bd7
{[%clk 0:20:30]} 52. Ne2 {[%clk 1:05:57]} Ke6 {[%clk 0:20:32]} 53. Nc1
{[%clk 1:05:34]} Nf5 {[%clk 0:20:15]} 54. Ne2 {[%clk 1:05:47]} Nd6
{[%clk 0:19:34]} 55. Nc1 {[%clk 1:05:44]} Kf7 {[%clk 0:19:49]} 56. Ne2
{[%clk 1:05:42]} Kg7 {[%clk 0:20:08]} 57. Nc1 {[%clk 1:05:58]} h5
{[%clk 0:16:13]} 58. Ne2 {[%clk 1:05:04]} Bc6 {[%clk 0:15:01]} 59. Nc1
{[%clk 1:03:43]} Be8 {[%clk 0:15:22]} 60. Ke2 {[%clk 0:57:38]} Bg6
{[%clk 0:14:05]} 61. Bxg6 {[%clk 0:54:21]} Kxg6 {[%clk 0:14:34]} 62. Nd3
{[%clk 0:54:48]} Kf5 {[%clk 0:14:56]} 63. Nc5 {[%clk 0:54:02]} Bxc5
{[%clk 0:14:14]} 64. dxc5 {[%clk 0:54:30]} Ne4 {[%clk 0:14:35]} 65. c6
{[%clk 0:52:33]} Ke6 {[%clk 0:14:56]} 66. Ne1 {[%clk 0:53:02]} Kd6
{[%clk 0:14:12]} 67. Nd3 {[%clk 0:53:26]} Kxc6 {[%clk 0:14:31]} 68. Kd1
{[%clk 0:53:49]} Nc5 {[%clk 0:14:16]} 69. Nc1 {[%clk 0:54:18]} Kd6
{[%clk 0:14:12]} 70. Kc2 {[%clk 0:54:23]} Ke6 {[%clk 0:14:30]} 71. Nd3
{[%clk 0:53:02]} Nxd3 {[%clk 0:11:31]} 72. Kxd3 {[%clk 0:53:26]} f5
{[%clk 0:07:41]} 73. Ke2 {[%clk 0:53:44]} f4 {[%clk 0:05:50]} 0-1

[Event "European Individual Chess Championship 2017"]
[Site "?"]
[Date "2017.05.31"]
[Round "2.93"]
[White "Bartel, Mateusz"]
[Black "Balashov, Yuri S"]
[Result "0-1"]
[BlackElo "2408"]
[WhiteElo "2637"]
[LiveChessVersion "1.4.8"]

1. e4 {[%clk 1:30:55]} c5 {[%clk 1:30:42]} 2. Nf3 {[%clk 1:31:18]} Nc6
{[%clk 1:30:52]} 3. Bb5 {[%clk 1:31:41]} g6 {[%clk 1:31:06]} 4. O-O
{[%clk 1:32:02]} Bg7 {[%clk 1:31:30]} 5. Nc3 {[%clk 1:32:24]} d6 {[%clk 1:31:08]}
6. e5 {[%clk 1:32:17]} dxe5 {[%clk 1:30:47]} 7. Bxc6+ {[%clk 1:32:35]} bxc6
{[%clk 1:31:11]} 8. Re1 {[%clk 1:32:58]} f6 {[%clk 1:29:44]} 9. b3
{[%clk 1:31:23]} Nh6 {[%clk 1:29:11]} 10. Ba3 {[%clk 1:19:18]} Qa5
{[%clk 1:27:28]} 11. Na4 {[%clk 1:17:19]} c4 {[%clk 1:26:57]} 12. d4
{[%clk 1:16:50]} cxd3 {[%clk 1:27:14]} 13. cxd3 {[%clk 1:16:19]} Bg4
{[%clk 1:26:12]} 14. h3 {[%clk 1:03:06]} Bxf3 {[%clk 1:25:52]} 15. Qxf3
{[%clk 1:03:30]} Qd5 {[%clk 1:26:05]} 16. Qe4 {[%clk 1:02:05]} Nf5
{[%clk 1:20:31]} 17. Rac1 {[%clk 1:01:13]} Nd4 {[%clk 1:15:51]} 18. Bb2
{[%clk 0:56:35]} Qxe4 {[%clk 1:10:28]} 19. Rxe4 {[%clk 0:53:53]} f5
{[%clk 1:06:01]} 20. Ree1 {[%clk 0:54:17]} Rd8 {[%clk 1:04:29]} 21. Rc4
{[%clk 0:47:57]} Rf8 {[%clk 0:56:32]} 22. Nc5 {[%clk 0:44:02]} Kf7
{[%clk 0:56:33]} 23. Kf1 {[%clk 0:41:08]} Rfe8 {[%clk 0:48:50]} 24. Nb7
{[%clk 0:38:02]} Rd7 {[%clk 0:46:39]} 25. Na5 {[%clk 0:36:44]} c5
{[%clk 0:39:20]} 26. Rxc5 {[%clk 0:33:44]} Ne6 {[%clk 0:39:26]} 27. Rb5
{[%clk 0:32:02]} Nf4 {[%clk 0:39:11]} 28. Bxe5 {[%clk 0:18:50]} Nxd3
{[%clk 0:39:04]} 29. Bxg7 {[%clk 0:19:16]} Nxe1 {[%clk 0:39:12]} 30. Bc3
{[%clk 0:19:42]} Nd3 {[%clk 0:39:12]} 31. Nc4 {[%clk 0:20:08]} Rc8
{[%clk 0:36:29]} 32. g3 {[%clk 0:19:49]} Ke8 {[%clk 0:35:02]} 33. Kg2
{[%clk 0:18:38]} Nc5 {[%clk 0:33:10]} 34. g4 {[%clk 0:13:36]} Rb7
{[%clk 0:32:04]} 35. Rxb7 {[%clk 0:12:47]} Nxb7 {[%clk 0:32:28]} 36. Bd4
{[%clk 0:12:18]} a6 {[%clk 0:30:50]} 37. Kf3 {[%clk 0:12:29]} Nd8
{[%clk 0:30:47]} 38. Ke3 {[%clk 0:10:12]} Ne6 {[%clk 0:31:03]} 39. Bc3
{[%clk 0:10:15]} Rd8 {[%clk 0:30:27]} 40. Bd2 {[%clk 0:40:31]} fxg4
{[%clk 0:59:15]} 41. hxg4 {[%clk 0:40:55]} h5 {[%clk 0:59:40]} 42. gxh5
{[%clk 0:41:20]} gxh5 {[%clk 1:00:03]} 43. Kf3 {[%clk 0:41:41]} Kf7
{[%clk 0:59:25]} 44. Kg3 {[%clk 0:41:52]} Kg6 {[%clk 0:59:27]} 45. Bb4
{[%clk 0:41:58]} Rd3+ {[%clk 0:58:53]} 46. f3 {[%clk 0:41:38]} Kf6
{[%clk 0:59:11]} 47. Ba3 {[%clk 0:41:37]} Nd4 {[%clk 0:58:45]} 48. Kf4
{[%clk 0:41:41]} Nf5 {[%clk 0:54:17]} 49. Bb2+ {[%clk 0:41:20]} Ke6
{[%clk 0:54:40]} 50. Be5 {[%clk 0:37:49]} h4 {[%clk 0:54:00]} 51. Kg4
{[%clk 0:37:50]} Ne3+ {[%clk 0:54:04]} 0-1

[Event "European Individual Chess Championship 2017"]
[Site "?"]
[Date "2017.05.31"]
[Round "2.94"]
[White "Savchenko, Boris"]
[Black "Mochalov, Evgeny V"]
[Result "1-0"]
[BlackElo "2378"]
[WhiteElo "2634"]
[LiveChessVersion "1.4.8"]

1. e4 {[%clk 1:28:41]} c5 {[%clk 1:30:53]} 2. Nf3 {[%clk 1:29:02]} g6
{[%clk 1:31:13]} 3. c3 {[%clk 1:29:29]} Bg7 {[%clk 1:31:18]} 4. d4
{[%clk 1:29:52]} cxd4 {[%clk 1:31:43]} 5. cxd4 {[%clk 1:30:18]} d5
{[%clk 1:31:56]} 6. e5 {[%clk 1:30:43]} Nh6 {[%clk 1:31:49]} 7. Bf4
{[%clk 1:31:03]} f6 {[%clk 1:31:12]} 8. Bb5+ {[%clk 1:04:46]} Bd7
{[%clk 1:20:54]} 9. Be2 {[%clk 0:59:52]} Nc6 {[%clk 1:17:17]} 10. exf6
{[%clk 0:51:02]} exf6 {[%clk 1:16:36]} 11. Nc3 {[%clk 0:51:20]} g5
{[%clk 1:08:47]} 12. Be3 {[%clk 0:47:51]} Ne7 {[%clk 0:52:38]} 13. h4
{[%clk 0:37:14]} g4 {[%clk 0:49:58]} 14. Ng1 {[%clk 0:33:21]} f5 {[%clk 0:45:35]}
15. Bd3 {[%clk 0:33:20]} f4 {[%clk 0:41:48]} 16. Bxf4 {[%clk 0:33:37]} O-O
{[%clk 0:42:08]} 17. Bg5 {[%clk 0:23:47]} Nhf5 {[%clk 0:27:13]} 18. Nge2
{[%clk 0:14:36]} h6 {[%clk 0:22:37]} 19. Be3 {[%clk 0:14:30]} Nxe3
{[%clk 0:14:56]} 20. fxe3 {[%clk 0:14:52]} h5 {[%clk 0:11:28]} 21. Qb3
{[%clk 0:11:01]} Rc8 {[%clk 0:05:35]} 22. Kd2 {[%clk 0:07:48]} Rf2
{[%clk 0:05:12]} 23. Raf1 {[%clk 0:07:35]} Rxg2 {[%clk 0:00:50]} 24. Nxd5
{[%clk 0:05:16]} Kh8 {[%clk 0:01:04]} 25. Ndc3 {[%clk 0:05:16]} Bc6
{[%clk 0:00:44]} 26. Qf7 {[%clk 0:00:58]} Be8 {[%clk 0:00:53]} 27. Qe6
{[%clk 0:00:46]} Bc6 {[%clk 0:00:38]} 28. Rf7 {[%clk 0:00:35]} Rxe2+
{[%clk 0:00:40]} 29. Kxe2 {[%clk 0:00:34]} Qb6 {[%clk 0:00:36]} 30. Kd2
{[%clk 0:00:32]} Qxb2+ {[%clk 0:00:56]} 31. Bc2 {[%clk 0:00:32]} Ba4
{[%clk 0:01:19]} 32. Qxc8+ {[%clk 0:00:35]} Nxc8 {[%clk 0:01:46]} 33. Nxa4
{[%clk 0:01:00]} Nd6 {[%clk 0:01:45]} 34. Nxb2 {[%clk 0:01:23]} 1-0

[Event "European Individual Chess Championship 2017"]
[Site "?"]
[Date "2017.05.31"]
[Round "2.95"]
[White "Kerigan, Demre"]
[Black "Bluebaum, Matthias"]
[Result "0-1"]
[BlackElo "2632"]
[WhiteElo "2358"]
[LiveChessVersion "1.4.8"]

1. e4 c6 2. d4 d5 3. e5 Bf5 4. Nd2 e6 5. Nb3 Nd7 6. Nf3 h6 7. Be2 Ne7 8. O-O g5
9. Ne1 Qc7 10. Nd3 Ng6 11. Be3 O-O-O 12. f4 Bxd3 13. Bxd3 Nxf4 14. Bxf4 gxf4 15.
Qg4 c5 16. Bb5 c4 17. Bxd7+ Rxd7 18. Nd2 Qb6 19. Qxf4 Qxb2 20. Rac1 h5 21. Kh1
Bh6 22. Qf6 Rh7 23. Qf2 Qxa2 0-1